[Event "Logumkloster Byturnering Gruppe 3 2011"]
[Site "Logumkloster"]
[Date "2011.04.05"]
[Round "1"]
[White "Hansen, Uwe"]
[Black "Kristensen, Karl Martin"]
[Result "1-0"]
[WhiteElo "1392"]
[BlackElo "1402"]
[PlyCount "31"]
[EventDate "2011.??.??"]

1. e4 e5 2. Nf3 d6 3. Bc4 h6 4. h3 g6 5. Nc3 c6 6. d4 Qe7 7. O-O Bg7 8. d5 f5
9. dxc6 bxc6 10. Bb3 Nf6 11. Re1 f4 12. Nh4 Nxe4 13. Nxe4 Qxh4 14. Nxd6+ Ke7
15. Nf7 Qf6 16. Rxe5+ 1-0

[Event "Logumkloster Byturnering Gruppe 3 2011"]
[Site "Logumkloster"]
[Date "2011.04.05"]
[Round "1"]
[White "Kallesen, Jesper"]
[Black "Jensen, Jens Peter"]
[Result "1-0"]
[WhiteElo "1465"]
[BlackElo "1378"]
[PlyCount "131"]
[EventDate "2011.??.??"]

1. e4 e5 2. Nc3 Nf6 3. Bc4 Be7 4. d4 exd4 5. Qxd4 Nc6 6. Qe3 Ng4 7. Qg3 d6 8.
Nf3 O-O 9. h3 Nge5 10. Nxe5 Nxe5 11. Bb3 c6 12. O-O Kh8 13. Bf4 Ng6 14. Rad1
Nxf4 15. Qxf4 f5 16. Rfe1 fxe4 17. Qxe4 Bf6 18. Na4 Qc7 19. c4 Bd7 20. Qd3 c5
21. Qxd6 Qxd6 22. Rxd6 Bxa4 23. Bxa4 Bxb2 24. Rb1 Bd4 25. Rf1 Rf7 26. Rd7 Rxd7
27. Bxd7 Rf8 28. g4 Rf3 29. Kg2 Rf7 30. Bf5 Re7 31. Kf3 Rf7 32. Ke2 g6 33. Be4
a6 34. f3 Re7 35. Rb1 b5 36. cxb5 axb5 37. Rb3 Ra7 38. a3 b4 39. axb4 Ra2+ 40.
Kd1 Rh2 41. f4 c4 42. Ra3 c3 43. Ra8+ Kg7 44. Rd8 Rd2+ 45. Kc1 Be3 46. Rxd2
cxd2+ 47. Kd1 Bxf4 48. b5 Kf6 49. b6 Ke5 50. Bf3 Kd4 51. h4 Ke3 52. Bd5 g5 53.
h5 Kd4 54. Bg2 Ke3 55. h6 Kf2 56. Be4 Kg3 57. Bxh7 Kxg4 58. Be4 Kg3 59. h7 Be5
60. b7 Kf4 61. Bc2 g4 62. b8=Q Bxb8 63. h8=Q Be5 64. Qh6+ Kf3 65. Qxd2 g3 66.
Qe2+ 1-0

[Event "Logumkloster Byturnering Gruppe 3 2011"]
[Site "Logumkloster"]
[Date "2011.04.05"]
[Round "1"]
[White "Madsen, Nis H"]
[Black "Schmidt, Holger"]
[Result "1-0"]
[WhiteElo "1424"]
[BlackElo "1472"]
[PlyCount "83"]
[EventDate "2011.??.??"]

1. e4 e5 2. Bc4 Nc6 3. Nf3 Be7 4. d3 d6 5. h3 Nf6 6. Bg5 Bd7 7. Nc3 Qc8 8. Bxf6
Bxf6 9. Nd5 Qd8 10. O-O Na5 11. Bb3 Nxb3 12. axb3 Be6 13. c4 c6 14. Nxf6+ Qxf6
15. Nh2 O-O 16. Qf3 Qg5 17. Qe3 Qxe3 18. fxe3 a6 19. Nf3 f6 20. d4 Rac8 21. d5
cxd5 22. exd5 Bf5 23. Nd2 Bg6 24. e4 f5 25. exf5 Bxf5 26. Rf2 Bd3 27. Re1 Rxf2
28. Kxf2 Rf8+ 29. Ke3 Bf5 30. Rf1 Bg6 31. b4 Bf5 32. c5 Rf6 33. g4 Bd7 34. Rxf6
gxf6 35. Ne4 Kf7 36. Nxd6+ Ke7 37. Nxb7 Bc8 38. c6 h6 39. Ke4 Ke8 40. d6 Be6
41. d7+ Bxd7 42. cxd7+ 1-0

[Event "Logumkloster Byturnering Gruppe 3 2011"]
[Site "Logumkloster"]
[Date "2011.04.05"]
[Round "1"]
[White "Munksgaard, Aage"]
[Black "Jessen, Morten"]
[Result "1/2-1/2"]
[WhiteElo "1333"]
[BlackElo "1410"]
[PlyCount "88"]
[EventDate "2011.??.??"]

1. e4 c5 2. Nf3 d6 3. Nc3 g6 4. Be2 Bg7 5. b3 Nc6 6. Bb2 Nf6 7. Rb1 Bd7 8. O-O
a6 9. a4 O-O 10. d3 Qc7 11. Nd5 Nxd5 12. Bxg7 Kxg7 13. exd5 Nd8 14. c4 b5 15.
axb5 axb5 16. h3 b4 17. d4 e6 18. dxe6 Nxe6 19. Qd2 Ra3 20. d5 Nd8 21. Qb2+ f6
22. Ra1 Re8 23. Rfe1 Qa7 24. Kf1 Nf7 25. Nd2 Nh6 26. Rxa3 Qxa3 27. Qxa3 bxa3
28. Ra1 Ra8 29. Nb1 Bf5 30. Nc3 Bc2 31. Bd1 Bd3+ 32. Ke1 Nf5 33. Nb5 a2 34. Nc3
Nd4 35. Rxa2 Re8+ 36. Kd2 Bf1 37. Ra6 Rd8 38. Ne4 Bxg2 39. Ra7+ Kh6 40. Nxf6
Rf8 41. Ng4+ Kg5 42. Rxh7 Bf3 43. Re7 Bxg4 44. hxg4 Rxf2+ 1/2-1/2

[Event "Logumkloster Byturnering Gruppe 3 2011"]
[Site "Logumkloster"]
[Date "2011.04.05"]
[Round "1"]
[White "Jensen, Peter M"]
[Black "Pedersen, Michael"]
[Result "1/2-1/2"]
[WhiteElo "1000"]
[BlackElo "1199"]
[PlyCount "113"]
[EventDate "2011.??.??"]

1. c4 d5 2. Nc3 d4 3. Nd5 e6 4. Nf4 Nf6 5. d3 e5 6. Nfh3 c5 7. g3 Qa5+ 8. Bd2
Qb6 9. Bg2 Be7 10. Qb3 Qc7 11. Bg5 Ng4 12. Bxe7 Qxe7 13. O-O-O O-O 14. Re1 Qc7
15. Bd5 Nf6 16. f3 Nxd5 17. cxd5 Nd7 18. Ng5 Rb8 19. Ne4 b5 20. Kb1 Ba6 21. Rc1
c4 22. Qb4 Nb6 23. Qc5 Qxc5 24. Nxc5 Bc8 25. d6 Bf5 26. Ne4 Rfc8 27. g4 Be6 28.
Nh3 Nd5 29. Nhg5 Bd7 30. h4 Nf4 31. Rh2 cxd3 32. Rxc8+ Rxc8 33. exd3 Nxd3 34.
Rc2 Ne1 35. Rxc8+ Bxc8 36. Nc5 f6 37. Nge4 Nxf3 38. d7 Bxd7 39. Nxd7 Nxh4 40.
Ndc5 h6 41. Nd3 Nf3 42. Kc2 Kf7 43. Nd6+ Ke6 44. Nxb5 a6 45. Nc7+ Kd6 46. Nxa6
e4 47. Nac5 exd3+ 48. Nxd3 g6 49. a4 h5 50. gxh5 gxh5 51. Nf4 h4 52. a5 Kc6 53.
Kd3 Kb5 54. Ke4 Nd2+ 55. Kxd4 Kxa5 56. Kc3 Ne4+ 57. Kd3 1/2-1/2

[Event "Logumkloster Byturnering Gruppe 3 2011"]
[Site "Logumkloster"]
[Date "2011.04.12"]
[Round "2"]
[White "Jensen, Jens Peter"]
[Black "Jensen, Peter M"]
[Result "1-0"]
[WhiteElo "1378"]
[BlackElo "1000"]
[PlyCount "104"]
[EventDate "2011.??.??"]

1. e4 e5 2. Bc4 Nf6 3. d3 Be7 4. Nf3 d6 5. O-O c6 6. a3 b5 7. Ba2 O-O 8. h3 Be6
9. Nh2 Bxa2 10. Rxa2 d5 11. Nc3 d4 12. Ne2 Nbd7 13. Ng3 h6 14. f4 Nh7 15. Nf5
Qe8 16. Qg4 g6 17. Nxh6+ Kh8 18. f5 Nhf6 19. Qf3 Ng8 20. N2g4 f6 21. c3 Bc5 22.
Kh1 g5 23. b4 Bb6 24. cxd4 Bxd4 25. Bb2 Qh5 26. Bxd4 Nxh6 27. Bc5 Rf7 28. Nxh6
Qxh6 29. Qe3 a6 30. d4 Rg8 31. dxe5 fxe5 32. Rd2 Rf6 33. Rfd1 Qh5 34. Bd6 Qe8
35. Qc5 g4 36. Bxe5 gxh3 37. Qd6 hxg2+ 38. Rxg2 Qh5+ 39. Kg1 Rxg2+ 40. Kxg2
Qe2+ 41. Kg1 Qe3+ 42. Kh2 Qh6+ 43. Kg1 Qe3+ 44. Kh2 Qh6+ 45. Kg2 Qg7+ 46. Kf2
Rxd6 47. Bxg7+ Kxg7 48. Rxd6 Nf6 49. Ke3 Kf7 50. Rxc6 Ng4+ 51. Kd4 Nf6 52. Rxa6
Nd7 1-0

[Event "Logumkloster Byturnering Gruppe 3 2011"]
[Site "Logumkloster"]
[Date "2011.04.12"]
[Round "2"]
[White "Schmidt, Holger"]
[Black "Kristensen, Karl Martin"]
[Result "1/2-1/2"]
[WhiteElo "1472"]
[BlackElo "1402"]
[PlyCount "87"]
[EventDate "2011.??.??"]

1. e4 e5 2. Bc4 g6 3. Nf3 d6 4. c3 Bg7 5. O-O Nf6 6. Re1 O-O 7. h3 c6 8. d3 h6
9. Be3 Kh7 10. Nbd2 a5 11. Bb3 b5 12. a3 a4 13. Bc2 Be6 14. d4 Nbd7 15. b3 axb3
16. Bxb3 Nh5 17. Bxe6 fxe6 18. dxe5 Nxe5 19. Nxe5 Bxe5 20. Bd4 Qf6 21. Nf3 Bxd4
22. Qxd4 Qf4 23. e5 d5 24. Qc5 Rac8 25. Qe7+ Ng7 26. Qc5 Rf7 27. Qe3 Ra8 28.
Qxf4 Rxf4 29. Nd4 Rc8 30. g3 Rf7 31. a4 bxa4 32. Rxa4 c5 33. Ne2 Rb7 34. Rea1
Rcb8 35. R1a2 g5 36. Kg2 h5 37. f4 g4 38. h4 Kg6 39. Ra5 Rb2 40. Kf2 d4 41.
cxd4 cxd4 42. Rxb2 Rxb2 43. Ke1 Nf5 44. Ra3 1/2-1/2

[Event "Logumkloster Byturnering Gruppe 3 2011"]
[Site "Logumkloster"]
[Date "2011.04.12"]
[Round "2"]
[White "Jessen, Morten"]
[Black "Madsen, Nis H"]
[Result "0-1"]
[WhiteElo "1410"]
[BlackElo "1424"]
[PlyCount "96"]
[EventDate "2011.??.??"]

1. d4 d5 2. Nf3 Bg4 3. e3 Nf6 4. c4 e6 5. Nc3 Bb4 6. a3 Bxc3+ 7. bxc3 Bxf3 8.
gxf3 c6 9. Qc2 dxc4 10. Bxc4 b5 11. Bd3 Qd5 12. e4 Qh5 13. Be2 Nbd7 14. Be3 Nb6
15. O-O-O Nc4 16. Bxc4 bxc4 17. Qa4 Qb5 18. Qxb5 cxb5 19. h4 O-O 20. Rdg1 Nh5
21. Rg2 f5 22. Bg5 a5 23. Rhg1 fxe4 24. fxe4 Rf3 25. Be3 Raf8 26. Rg5 g6 27.
Rxh5 Rb8 28. Rc5 Rh3 29. Kc2 Rb7 30. h5 Kf7 31. hxg6+ hxg6 32. Rb1 Rh5 33. Rxh5
gxh5 34. f4 Kf6 35. Bd2 h4 36. Rh1 Rh7 37. Kd1 h3 38. Ke2 h2 39. Kf2 Rh3 40.
Kg2 Rd3 41. Be1 Re3 42. Bh4+ Kg6 43. Rxh2 Rxc3 44. Be7 Rc2+ 45. Kg3 Rxh2 46.
Kxh2 c3 47. a4 b4 48. Bd6 b3 0-1

[Event "Logumkloster Byturnering Gruppe 3 2011"]
[Site "Logumkloster"]
[Date "2011.04.12"]
[Round "2"]
[White "Pedersen, Michael"]
[Black "Munksgaard, Aage"]
[Result "1-0"]
[WhiteElo "1199"]
[BlackElo "1333"]
[PlyCount "53"]
[EventDate "2011.??.??"]

1. e4 e5 2. Nf3 d6 3. Nc3 Nf6 4. d4 exd4 5. Qxd4 Nc6 6. Qd1 Be7 7. Bc4 O-O 8.
O-O Bg4 9. Bf4 Be6 10. Qe2 Qc8 11. Rad1 h6 12. e5 dxe5 13. Nxe5 Bxc4 14. Nxc4
Re8 15. Rfe1 Bb4 16. Qf3 Rxe1+ 17. Rxe1 Nd4 18. Qd3 Ne6 19. Be5 c6 20. Bxf6
gxf6 21. Qg3+ Kh7 22. Qd3+ Kg7 23. Re3 Qc7 24. Rg3+ Kh8 25. Ne4 Rd8 26. Nxf6
Be7 27. Qh7# 1-0

[Event "Logumkloster Byturnering Gruppe 3 2011"]
[Site "Logumkloster"]
[Date "2011.04.26"]
[Round "3"]
[White "Pedersen, Michael"]
[Black "Hansen, Uwe"]
[Result "0-1"]
[WhiteElo "1199"]
[BlackElo "1392"]
[PlyCount "94"]
[EventDate "2011.??.??"]

1. e4 e5 2. Nf3 Nc6 3. d4 Qf6 4. Bg5 Qg6 5. d5 Qxe4+ 6. Be2 Nd4 7. Nxd4 Qxd4 8.
Qxd4 exd4 9. O-O h6 10. Bf4 d6 11. Re1 Be7 12. Bd3 Nf6 13. Bc4 Bf5 14. c3 dxc3
15. bxc3 a6 16. Nd2 Kd7 17. a4 Nh5 18. Be3 g5 19. Bd4 Bf6 20. Bxf6 Nxf6 21. Nf3
Be4 22. Nd4 Bxd5 23. Bxd5 Nxd5 24. c4 Ne7 25. Re3 Rae8 26. Rd1 Nc6 27. Red3
Nxd4 28. Rxd4 Re5 29. f4 Ra5 30. fxg5 hxg5 31. Rf1 f5 32. Rd5 Rxd5 33. cxd5 Rf8
34. Rb1 b6 35. Rc1 Re8 36. h3 Re4 37. a5 bxa5 38. Rc6 Rd4 39. Rxa6 Rxd5 40. Ra8
Rb5 41. Rf8 a4 42. Rg8 f4 43. Kf2 Ra5 44. Kf3 a3 45. Kg4 a2 46. Rxg5 Rxg5+ 47.
Kxg5 a1=Q 0-1

[Event "Logumkloster Byturnering Gruppe 3 2011"]
[Site "Logumkloster"]
[Date "2011.04.26"]
[Round "3"]
[White "Jessen, Morten"]
[Black "Jensen, Jens Peter"]
[Result "0-1"]
[WhiteElo "1410"]
[BlackElo "1378"]
[PlyCount "74"]
[EventDate "2011.??.??"]

1. d4 d5 2. Nf3 e6 3. e3 Be7 4. c4 c6 5. Nc3 Nf6 6. Bd3 Nbd7 7. O-O O-O 8. Qc2
dxc4 9. Bxc4 Nd5 10. a3 f5 11. Re1 N7b6 12. Bd3 Nxc3 13. bxc3 Bd6 14. c4 Bc7
15. a4 Qf6 16. a5 Nd7 17. Bb2 Qh6 18. c5 Nf6 19. Bc4 Ne4 20. Ne5 Bxe5 21. dxe5
Ng5 22. Rad1 Qg6 23. Kf1 Qh6 24. h3 Ne4 25. Bd3 Qg6 26. h4 Qg4 27. Bxe4 fxe4
28. Rd4 Qxh4 29. Red1 Qh1+ 30. Ke2 Qxg2 31. Rf1 b6 32. cxb6 Ba6+ 33. Rc4 axb6
34. axb6 Bb5 35. Ke1 Ra2 36. b7 Rb8 37. Qe2 Rxb7 0-1

[Event "Logumkloster Byturnering Gruppe 3 2011"]
[Site "Logumkloster"]
[Date "2011.04.26"]
[Round "3"]
[White "Schmidt, Holger"]
[Black "Jensen, Peter M"]
[Result "1-0"]
[WhiteElo "1472"]
[BlackElo "1000"]
[PlyCount "67"]
[EventDate "2011.??.??"]

1. e4 e5 2. Nf3 Nc6 3. c3 d6 4. d4 Bg4 5. Be2 f6 6. d5 Nce7 7. Be3 Ng6 8. Nbd2
a6 9. O-O Qd7 10. h3 Bxf3 11. Bxf3 N8e7 12. Bg4 Qb5 13. b3 Kd8 14. c4 Qe8 15.
f4 Nxf4 16. Bxf4 exf4 17. Rxf4 h5 18. Be2 Qf7 19. Bd3 g5 20. Rf2 Rh6 21. Qe2
Bg7 22. Nf3 Qe8 23. Nd4 Qh8 24. Raf1 Kd7 25. Nf5 Nxf5 26. Rxf5 Re8 27. Qc2 Re5
28. c5 Qf8 29. c6+ Ke7 30. cxb7 Rxf5 31. exf5 Qb8 32. Re1+ Kf7 33. Qc6 Kg8 34.
Re8+ 1-0

[Event "Logumkloster Byturnering Gruppe 3 2011"]
[Site "Logumkloster"]
[Date "2011.04.26"]
[Round "3"]
[White "Kristensen, Karl Martin"]
[Black "Munksgaard, Aage"]
[Result "0-1"]
[WhiteElo "1402"]
[BlackElo "1333"]
[PlyCount "50"]
[EventDate "2011.??.??"]

1. e4 e5 2. Nf3 d6 3. Bc4 Bg4 4. Nc3 c6 5. d3 Nf6 6. h3 Bh5 7. g4 Bg6 8. Bg5
Be7 9. Nh4 h6 10. Be3 Bh7 11. f4 Nxe4 12. Nf3 Nxc3 13. bxc3 exf4 14. Bxf4 Bf6
15. Kd2 O-O 16. Qe2 Bxc3+ 17. Kxc3 Qf6+ 18. Be5 dxe5 19. Nxe5 Nd7 20. d4 Nb6
21. Raf1 Qe7 22. Bxf7+ Rxf7 23. Rxf7 Nd5+ 24. Kb2 Qb4+ 25. Ka1 Qxd4+ 0-1

[Event "Logumkloster Byturnering Gruppe 3 2011"]
[Site "Sovang"]
[Date "2011.05.02"]
[Round "3"]
[White "Kallesen, Jesper"]
[Black "Madsen, Nis H"]
[Result "0-1"]
[WhiteElo "1465"]
[BlackElo "1424"]
[PlyCount "54"]
[EventDate "2011.??.??"]

1. e4 c5 2. f4 Nc6 3. Bc4 e6 4. Nf3 d5 5. exd5 exd5 6. Qe2+ Be7 7. Bb5 Bd7 8.
Nc3 Nf6 9. O-O O-O 10. Ne5 Nd4 11. Qd3 Nxb5 12. Nxb5 c4 13. Qe2 Bxb5 14. b3
Qb6+ 15. Qe3 Bc5 16. Re1 Bxe3+ 17. dxe3 c3 18. a4 Qa6 19. Ba3 Rfe8 20. axb5
Qxb5 21. Rad1 Ne4 22. Rd4 a5 23. Red1 Qe2 24. h3 Qxe3+ 25. Kh2 Qg3+ 26. Kg1
Qxf4 27. Bd6 Qe3+ 0-1

[Event "Logumkloster Byturnering Gruppe 3 2011"]
[Site "Logumkloster"]
[Date "2011.05.03"]
[Round "4"]
[White "Jessen, Morten"]
[Black "Schmidt, Holger"]
[Result "1/2-1/2"]
[WhiteElo "1410"]
[BlackElo "1472"]
[PlyCount "84"]
[EventDate "2011.??.??"]

1. d4 d5 2. Nf3 Nf6 3. e3 Bg4 4. c4 e6 5. Nc3 c6 6. Bd2 Nbd7 7. Bd3 Bd6 8. Qb3
Rb8 9. cxd5 exd5 10. Qc2 Bh5 11. Nh4 Ng4 12. Nf5 Qf6 13. Nxd6+ Qxd6 14. f3 Ngf6
15. O-O Bg6 16. e4 dxe4 17. Rae1 O-O 18. fxe4 Ng4 19. Bf4 Qxd4+ 20. Kh1 Nge5
21. Rd1 Qb4 22. Be2 Rbd8 23. Rd2 Qa5 24. Rfd1 f6 25. Qb3+ Bf7 26. Qxb7 Nc5 27.
Qe7 Rxd2 28. Rxd2 Re8 29. Qd6 Ne6 30. Bxe5 Rd8 31. Qa3 Qxe5 32. Rxd8+ Nxd8 33.
Qxa7 h6 34. Qd7 Qb8 35. h3 c5 36. Nd5 Kh8 37. b3 Bg8 38. Qe8 Kh7 39. Ne7 Bf7
40. Qf8 Qc7 41. Bc4 Qf4 42. Ng6 Kxg6 1/2-1/2

[Event "Logumkloster Byturnering Gruppe 3 2011"]
[Site "Logumkloster"]
[Date "2011.05.03"]
[Round "4"]
[White "Jensen, Jens Peter"]
[Black "Pedersen, Michael"]
[Result "0-1"]
[WhiteElo "1378"]
[BlackElo "1199"]
[PlyCount "72"]
[EventDate "2011.??.??"]

1. e4 c5 2. Bc4 e6 3. Nc3 Nc6 4. a3 a6 5. Ba2 Nf6 6. Nf3 b5 7. O-O Be7 8. d3
O-O 9. h3 Rb8 10. Nh2 b4 11. Ne2 a5 12. f4 Qb6 13. Be3 d5 14. e5 Nd7 15. Ng4 d4
16. Bd2 f6 17. Bxe6+ Kh8 18. exf6 Nxf6 19. Bxc8 Rbxc8 20. Nxf6 Rxf6 21. Ng3 a4
22. Qg4 Rcf8 23. Ne4 Rf5 24. Ng3 R5f6 25. Ne4 Rf5 26. Ng3 R5f6 27. Nh5 Rg6 28.
Qe2 Qb7 29. f5 Rd6 30. f6 Bxf6 31. Nxf6 gxf6 32. Bh6 Rg8 33. Bf4 Rd7 34. Qe6
Rf7 35. Bd6 Nd8 36. Qc4 Qxg2# 0-1

[Event "Logumkloster Byturnering Gruppe 3 2011"]
[Site "Logumkloster"]
[Date "2011.05.03"]
[Round "4"]
[White "Kristensen, Karl Martin"]
[Black "Jensen, Peter M"]
[Result "1-0"]
[WhiteElo "1402"]
[BlackElo "1000"]
[PlyCount "47"]
[EventDate "2011.??.??"]

1. e4 e5 2. Nf3 Bd6 3. Bc4 c6 4. d3 h6 5. Be3 b5 6. Bb3 Qf6 7. c3 Bb7 8. d4 Bc7
9. dxe5 Bxe5 10. Nxe5 Qxe5 11. O-O Qxe4 12. Re1 Ne7 13. Bc5 Qf5 14. Bxe7 d5 15.
Bc2 Qd7 16. Qe2 Qe6 17. Bc5 Bc8 18. Qd2 Na6 19. Rxe6+ Bxe6 20. Bd4 O-O 21. Be3
g5 22. Bxg5 h5 23. Bf6 Rfe8 24. Qh6 1-0

[Event "Logumkloster Byturnering Gruppe 3 2011"]
[Site "Logumkloster"]
[Date "2011.05.03"]
[Round "4"]
[White "Madsen, Nis H"]
[Black "Hansen, Uwe"]
[Result "0-1"]
[WhiteElo "1424"]
[BlackElo "1392"]
[PlyCount "42"]
[EventDate "2011.??.??"]

1. e4 c5 2. Nf3 Nc6 3. Bc4 e6 4. Nc3 a6 5. d4 b5 6. Be2 Bb7 7. d5 Nce7 8. b3 b4
9. dxe6 bxc3 10. exf7+ Kxf7 11. Bc4+ d5 12. exd5 Bxd5 13. Ne5+ Ke8 14. Bxd5
Qxd5 15. Qxd5 Nxd5 16. O-O Nb4 17. Ba3 Nxc2 18. Rac1 Nxa3 19. Rxc3 Rc8 20. Re1
Be7 21. Rce3 Nc2 0-1

[Event "Logumkloster Byturnering Gruppe 3 2011"]
[Site "Vojens"]
[Date "2011.05.09"]
[Round "5"]
[White "Munksgaard, Aage"]
[Black "Hansen, Uwe"]
[Result "0-1"]
[WhiteElo "1333"]
[BlackElo "1392"]
[PlyCount "98"]
[EventDate "2011.??.??"]

1. d4 e6 2. Nf3 d5 3. Bg5 Be7 4. Bxe7 Qxe7 5. e3 Qb4+ 6. Nbd2 Qxb2 7. Ne5 Qb4
8. Bd3 Nf6 9. O-O Nbd7 10. Rb1 Qd6 11. Nxd7 Qxd7 12. Nf3 O-O 13. Ne5 Qe7 14. c4
Nd7 15. Nxd7 Qxd7 16. cxd5 exd5 17. Qc2 g6 18. h3 c6 19. Qb2 Qe7 20. Qe2 Re8
21. Rfe1 Qg5 22. Kh2 Re7 23. Rb2 b6 24. Ba6 Bd7 25. Bd3 f5 26. Qf3 Rae8 27.
Rbe2 Rf8 28. Qf4 Qxf4+ 29. exf4 Rxe2 30. Rxe2 Re8 31. Re3 Kf7 32. Kg3 Re7 33.
Kh4 h6 34. g4 Rxe3 35. fxe3 Kf6 36. g5+ hxg5+ 37. fxg5+ Ke6 38. Kg3 c5 39. Kf4
c4 40. Bc2 b5 41. h4 a5 42. h5 gxh5 43. Bxf5+ Ke7 44. Bb1 a4 45. g6 Kf6 46. g7
Kxg7 47. Kg5 Bg4 48. Kf4 Be2 49. Kg5 Bd3 0-1

[Event "Logumkloster Byturnering Gruppe 3 2011"]
[Site "Logumkloster"]
[Date "2011.05.10"]
[Round "5"]
[White "Pedersen, Michael"]
[Black "Madsen, Nis H"]
[Result "0-1"]
[WhiteElo "1199"]
[BlackElo "1424"]
[PlyCount "56"]
[EventDate "2011.??.??"]

1. e4 e5 2. Nf3 Nc6 3. d4 exd4 4. Nxd4 Nf6 5. Nc3 a6 6. a3 d6 7. Be3 Be7 8. f3
O-O 9. Qd2 h6 10. Bd3 Ne5 11. Be2 c5 12. Nf5 Bxf5 13. exf5 d5 14. Bf4 Nc6 15.
O-O-O d4 16. Ne4 Nxe4 17. fxe4 b5 18. Bf3 Rc8 19. Bg4 Bf6 20. Rhe1 Ne5 21. Qe2
c4 22. Kb1 d3 23. cxd3 Nxg4 24. dxc4 Qb6 25. Qxg4 bxc4 26. Re2 c3 27. Rc1 cxb2
28. Rxb2 Qxb2# 0-1

[Event "Logumkloster Byturnering Gruppe 3 2011"]
[Site "Logumkloster"]
[Date "2011.05.10"]
[Round "5"]
[White "Schmidt, Holger"]
[Black "Jensen, Jens Peter"]
[Result "1-0"]
[WhiteElo "1472"]
[BlackElo "1378"]
[PlyCount "111"]
[EventDate "2011.??.??"]

1. e4 e5 2. Nf3 d6 3. d3 Be7 4. Be3 c6 5. Be2 Nf6 6. h3 Nbd7 7. c3 d5 8. exd5
Nxd5 9. Bc1 O-O 10. Nbd2 b5 11. Ne4 h6 12. O-O f5 13. Ng3 Qe8 14. c4 bxc4 15.
dxc4 N5b6 16. b3 e4 17. Nd4 Ne5 18. f4 Ng6 19. Bh5 c5 20. Nb5 Qf7 21. Bb2 Rd8
22. Qe2 Bf6 23. Rfd1 Kh7 24. Bxg6+ Qxg6 25. Bxf6 Rxd1+ 26. Rxd1 Qxg3 27. Bb2
Qxf4 28. Qf2 Qxf2+ 29. Kxf2 Bd7 30. Nd6 Kg6 31. Ba3 Kg5 32. Bxc5 Bc6 33. g3 Nd7
34. Bd4 Kg6 35. Ke3 h5 36. Rf1 Rf8 37. Rf2 a5 38. a3 Rb8 39. Rb2 Nf6 40. b4 Rd8
41. Bxf6 gxf6 42. Rd2 axb4 43. axb4 Ra8 44. Rf2 Ra3+ 45. Kf4 Bd7 46. b5 Rb3 47.
g4 Rd3 48. c5 Be6 49. gxf5+ Bxf5 50. Nxf5 Rxh3 51. Kxe4 Rb3 52. b6 Rb4+ 53. Kd5
Kg5 54. Kc6 h4 55. Nxh4 Rxh4 56. b7 1-0

[Event "Logumkloster Byturnering Gruppe 3 2011"]
[Site "Logumkloster"]
[Date "2011.05.10"]
[Round "5"]
[White "Kallesen, Jesper"]
[Black "Kristensen, Karl Martin"]
[Result "1-0"]
[WhiteElo "1465"]
[BlackElo "1402"]
[PlyCount "33"]
[EventDate "2011.??.??"]

1. e4 e5 2. d4 exd4 3. Qxd4 Nc6 4. Qe3 Qe7 5. Nf3 Ne5 6. Nc3 c6 7. Bd3 g6 8.
Nxe5 Qxe5 9. f4 Qc5 10. Bd2 Qb6 11. Na4 Qc7 12. Bc3 f6 13. e5 Kf7 14. exf6 d5
15. O-O b6 16. Rae1 c5 17. Qe8# 1-0

[Event "Logumkloster Byturnering Gruppe 3 2011"]
[Site "Logumkloster"]
[Date "2011.05.10"]
[Round "5"]
[White "Jensen, Peter M"]
[Black "Jessen, Morten"]
[Result "1-0"]
[WhiteElo "1000"]
[BlackElo "1410"]
[PlyCount "29"]
[EventDate "2011.??.??"]

1. e4 c5 2. Nf3 d6 3. Bc4 Nf6 4. d3 Bg4 5. h3 Bh5 6. Nc3 Nc6 7. g4 Bg6 8. Be3
a6 9. d4 cxd4 10. Nxd4 Nxe4 11. Bd5 Nxd4 12. Bxd4 Nxc3 13. Bxc3 Rb8 14. Qf3 b5
15. Bc6+ 1-0